000 00387nam a22001457a 4500
999 _c193664
_d193664
008 221107b ||||| |||| 00| 0 eng d
082 _aS-BHA
100 _aR.K, BHANDARI
245 _aDISASTER SHORT STORIES ESSAYS
_hENGHLISH
260 _aNEW DELHI
_bA.I.C.B
_cROHINI
270 _aA.I.C.B ,ROHINI NEW DELHI
300 _a.
_b.
_c12X13
490 _v1-2
942 _2ddc
_cBRLEN
_kS
_mBHA